000 00471nam a2200169Ia 4500
003 GCL
008 140319s9999 xx 000 0 eng d
040 _aGCL /
_cGCL
082 0 4 _a947.0854
_bE G
100 1 _aD'ENCAUSSE, HELEN CARRERE
245 1 0 _aLA GLOIRE DES NATIONS:OU LA FIN DE L'EMPIRE SOVIETIQUE /
_cD'ENCAUSSE, HELEN CARRERE
260 _a[S.N] :
_bFAYARD ،
_c1990
300 _a487 P
650 0 4 _aFRANCE - HISTORY
650 0 4 _aHISTORY
942 _2ddc
_cBK
999 _c21643
_d21643